[Event "AUTO-OPEN-4606"]
[Site "http://www.queenalice.com/game.php?id=1866936"]
[Date "2025.12.12"]
[Round "2"]
[White "Zero007"]
[Black "cerenzo72"]
[Result "1-0"]
[WhiteElo "2122"]
[BlackElo "2137"]

1. e4 e5 2. Nf3 d6 3. d4 exd4 4. Nxd4 Nf6 5. Nc3 Be7 6. Bd3 O-O 7. O-O Bd7 8.
Nd5 Nc6 9. Nxe7+ Qxe7 10. Nxc6 Bxc6 11. Re1 Rfe8 12. f3 Nd7 13. c3 b5 14. Be3
Ne5 15. Bf1 a6 16. b3 Bb7 17. Qd2 c5 18. Rad1 Rad8 19. Qc1 h6 20. Bf2 Qf6 21. h3
Qg6 22. Qf4 Bc8 23. Kh2 f5 24. exf5 Bxf5 25. g4 Bd7 26. Qg3 Qc2 27. Rxd6 Qxc3
28. Bg2 Qa5 29. Rxe5 Rxe5 30. Qxe5 Qc7 31. Bxc5 Re8 32. Qd5+ Be6 33. Qc6 Qb8 34.
Qb6 Qxb6 35. Bxb6 Bc8 36. Rd8 Rxd8 37. Bxd8 Kf7 38. Kg3 1-0

[Event "2026 Dessa Vez Vai"]
[Site "http://www.queenalice.com/game.php?id=1867945"]
[Date "2026.1.14"]
[Round "-"]
[White "Mlintz"]
[Black "Zero007"]
[Result "0-1"]
[WhiteElo "1895"]
[BlackElo "2134"]

1. e4 e5 2. Nf3 Nf6 3. d4 exd4 4. e5 Ne4 5. Qxd4 d5 6. Qd1 Bc5 7. Be3 Bxe3 8.
fxe3 O-O 9. Be2 Bg4 10. O-O c6 11. Nbd2 Nd7 12. c4 Qb6 13. Nd4 Bxe2 14. Qxe2
Qxb2 15. Nxe4 Qxe2 16. Nxe2 dxe4 17. Nc3 Nxe5 18. Nxe4 Nxc4 19. Kf2 Rfe8 20. Ng3
Nxe3 21. Rfe1 Ng4+ 22. Kg1 Nf6 23. Red1 Red8 24. Re1 g6 25. Re7 Rd7 26. Rae1 Kf8
27. R7e2 Re8 28. Rxe8+ Nxe8 0-1

[Event "AUTO-OPEN-4595"]
[Site "http://www.queenalice.com/game.php?id=1868344"]
[Date "2026.1.22"]
[Round "2"]
[White "chessman"]
[Black "Zero007"]
[Result "0-1"]
[WhiteElo "2026"]
[BlackElo "2113"]

1. e4 e5 2. Nf3 Nc6 3. Bc4 Bc5 4. b4 Bxb4 5. c3 Bc5 6. O-O d6 7. d4 Bb6 8. Ba3
Bg4 9. h3 Bh5 10. Re1 exd4 11. g4 Bg6 12. cxd4 Nge7 13. Nc3 O-O 14. e5 dxe5 15.
dxe5 Qxd1 16. Raxd1 Rfd8 17. Nh4 Ba5 18. Rxd8+ Rxd8 19. f4 Bxc3 20. Rf1 Bd3 0-1

[Event "AUTO-OPEN-4595"]
[Site "http://www.queenalice.com/game.php?id=1868345"]
[Date "2026.1.22"]
[Round "2"]
[White "Zero007"]
[Black "chessman"]
[Result "1/2-1/2"]
[WhiteElo "2157"]
[BlackElo "2042"]

1. e4 e6 2. d4 d5 3. Nc3 dxe4 4. Nxe4 Nd7 5. Nf3 Ngf6 6. Bd3 Nxe4 7. Bxe4 Nf6 8.
Bd3 Be7 9. O-O O-O 10. Re1 a6 11. h3 Bd7 12. Ne5 Bd6 13. Bf4 Re8 14. Nxd7 Qxd7
15. Bg5 Be7 16. a3 Rac8 17. Qf3 Qxd4 18. c3 Qb6 19. g4 Nd5 20. Bxe7 Rxe7 21. Be4
Rd7 22. Rab1 c6 23. Red1 Rcd8 24. g5 Qb3 25. Kh2 g6 26. h4 Qb6 27. c4 Qc7+ 28.
Qg3 Qxg3+ 29. fxg3 Nb6 30. Rxd7 Rxd7 31. b3 Rd2+ 32. Kh3 Nd7 33. Bf3 Ne5 34. Bh1
Nd3 35. Bg2 Nf2+ 36. Kh2 Ng4+ 37. Kh3 Ne3 38. Bf3 Nf5 39. Rd1 Rxd1 40. Bxd1 e5
41. g4 Ne3 42. Be2 Kg7 43. Kg3 Nc2 44. a4 Nd4 45. Bd1 c5 46. Kf2 b5 47. cxb5
axb5 48. a5 Nc6 49. a6 Kf8 50. Bf3 Na7 51. Ke3 Ke7 52. Bd5 f5 53. gxf5 gxf5 54.
Bg8 h5 55. gxh6 Kf6 56. h5 f4+ 57. Ke4 Nc6 58. Be6 Na7 59. Bd7 c4 60. bxc4 bxc4
61. Be6 c3 62. Bb3 Nc6 63. Kf3 Na7 64. Ke4 Nc6 65. Kf3 Na7 66. Ke4 1/2-1/2